000 00760nam a2200253 a 4500
008
020 _a0394312619
049 _aMAIN
090 _aHB119
100 1 _aFranklin, Raymond S.
245 1 0 _aAmerican capitalism :
_btwo visions /
_cby Raymond S. Franklin.
260 _aNew York :
_bRandom House,
_cc1977.
300 _ax, 311 p. ;
_c21 cm.
504 _aIncludes bibliographical references.
500 _aIncludes index.
650 0 _aEconomics
_zUnited States
_xHistory.
651 0 _aUnited States
_xEconomic conditions.
650 0 _aRadicalism
_zUnited States.
907 _a.b10036015
_b02-07-03
_c17-04-03
003
005 20230123133159.0
040 _cNUST
942 _cBOOKS
_kHB119
999 _c144114
_d144114